The right to information in India / (Record no. 7290)

MARC details
000 -LEADER
fixed length control field 01197cam a2200277 4500
001 - CONTROL NUMBER
control field 8431
005 - DATE AND TIME OF LATEST TRANSACTION
control field 20181127185923.0
008 - FIXED-LENGTH DATA ELEMENTS--GENERAL INFORMATION
fixed length control field 130626s2013 enk lb 001 0 eng d
010 ## - LIBRARY OF CONGRESS CONTROL NUMBER
LC control number 2013319919
020 ## - INTERNATIONAL STANDARD BOOK NUMBER
International Standard Book Number 019808935X (pbk.)
International Standard Book Number 9780198089353 (pbk.)
082 ## - DEWEY DECIMAL CLASSIFICATION NUMBER
Classification number 323
Item number
Edition number
100 1# - MAIN ENTRY--PERSONAL NAME
Personal name Naib, Sudhir.
Titles and words associated with a name
Relator term
245 14 - TITLE STATEMENT
Title The right to information in India /
Statement of responsibility, etc. Sudhir Naib.
250 ## - EDITION STATEMENT
Edition statement First edition.
264 #1 - PRODUCTION, PUBLICATION, DISTRIBUTION, MANUFACTURE, AND COPYRIGHT NOTICE
Place of production, publication, distribution, manufacture New Delhi, India :
Name of producer, publisher, distributor, manufacturer Oxford University Press,
Date of production, publication, distribution, manufacture, or copyright notice 2013.
300 ## - PHYSICAL DESCRIPTION
Extent xvi, 236 pages ;
Dimensions 19 cm.
336 ## - CONTENT TYPE
Content type term text
Content type code txt
Source rdacontent
337 ## - MEDIA TYPE
Media type term unmediated
Media type code n
Source rdamedia
338 ## - CARRIER TYPE
Carrier type term volume
Carrier type code nc
Source rdacarrier
490 0# - SERIES STATEMENT
Series statement Oxford India short introductions
500 ## - GENERAL NOTE
General note ""Cases"": pages 217-224.
504 ## - BIBLIOGRAPHY, ETC. NOTE
Bibliography, etc. note Includes bibliographical references (pages 225-228) and index.
505 ## - FORMATTED CONTENTS NOTE
Formatted contents note CONTENTS:Freedom of information: a global perspective -- 2. Towards right to information in India -- 3. Right to Information Act, 2005 -- 4. Right of information seekers -- 5. Duties of information suppliers -- 6. Information exempted from disclosure -- 7. Recommendations to improve implementation of right to information.
Miscellaneous information
Statement of responsibility
Title
650 #0 - SUBJECT ADDED ENTRY--TOPICAL TERM
Topical term or geographic name entry element Freedom of information
Geographic subdivision India.
Holdings
Withdrawn status Lost status Source of classification or shelving scheme Damaged status Not for loan Collection code Home library Current library Shelving location Serial Enumeration / chronology Inventory number Total Checkouts Full call number Barcode Date last seen Price effective from Koha item type
    Dewey Decimal Classification     Main TEST RTC Library RTC Library Main opac 12894   323 NAI 30012314 27/11/2018 27/11/2018 Main
Royal Thimphu College || All Right Reserved